| 000 | 00747nam a2200253Ia 4500 | ||
|---|---|---|---|
| 003 | OSt | ||
| 005 | 20220918215910.0 | ||
| 006 | a|||||r|||| 00| 0 | ||
| 007 | ta | ||
| 008 | 220917b |||||||| |||| 00| 0 eng d | ||
| 024 | _a143,269 | ||
| 037 | _cTextual | ||
| 040 |
_aARTS _cARTS _beng |
||
| 041 |
_2eng _aeng |
||
| 082 | _aY15:7.73.N7, M9 | ||
| 100 |
_aSolomon Irvin D _9135763 |
||
| 245 | 0 |
_aFeminism and black activism in contemporary American _b An ideological assessment |
|
| 260 |
_aNew York _bGreenwood Press _c1989 |
||
| 300 |
_axiv, 186p. _ccm. |
||
| 500 | _aBibliography p163-176; Includes Index | ||
| 650 | _aSOCIOLOGY | ||
| 942 |
_hY15:7.73.N7, M9 _cTEXL _2CC |
||
| 999 |
_c266222 _d266222 |
||